000 00714cam a22002533a 4500
001 7484
003 PGUSA
005 20140828083145.0
008 050201s2005||||xxu|||||s|||||000 | eng d
040 _aPGUSA
_beng
042 _adc
050 4 _aB
100 1 _aGuan, Zhong,
_d--645
245 1 0 _a管子 — Volume 02 :
_bChapters 6-10
_h[electronic resource] /
_cZhong Guan
260 _bProject Gutenberg,
_c2005
506 _aPublic domain in the USA.
516 _aElectronic text
653 _aChinese classics
653 _aPhilosophy, Chinese
740 0 _aGuanzi — Volume 02 : Chapters 6-10
830 0 _aProject Gutenberg
_v7484
856 4 0 _uhttp://www.gutenberg.org/ebooks/7484
942 _cEB
999 _c236804
_d236804